US States Containing the Letter A - Statistics

General Stats
  • This quiz has been taken 481 times
  • The average score is 34 of 36
Answer Stats
Answer % Correct
Alabama
99%
California
98%
Florida
98%
Alaska
97%
Arizona
97%
Arkansas
96%
Delaware
96%
Georgia
96%
Washington
96%
North Dakota
95%
South Carolina
95%
South Dakota
95%
Indiana
94%
Kansas
94%
Maine
94%
North Carolina
94%
Pennsylvania
94%
Texas
94%
Virginia
94%
West Virginia
94%
Hawaii
93%
Louisiana
93%
Maryland
92%
Montana
92%
New Hampshire
92%
Massachusetts
91%
Minnesota
91%
Nevada
91%
Idaho
90%
Iowa
90%
Colorado
89%
Nebraska
89%
Oklahoma
89%
Rhode Island
89%
Utah
89%
Michigan
87%
No matching quizzes found
Score Distribution
Percent of People with Each Score
Percentile by Number Answered
Your Score History
You have not taken this quiz